[Event "SVK-chT 2324"]
[Site "Slovakia"]
[Date "2023.12.10"]
[Round "4.4"]
[White "Halak, Miklos"]
[Black "Motuz, Karol"]
[Result "1/2-1/2"]
[WhiteElo "2239"]
[BlackElo "2284"]
[PlyCount "24"]
[EventDate "2023.11.04"]
[EventType "team-tourn"]
[EventRounds "11"]
[EventCountry "SVK"]
[SourceTitle "CB04_2024"]
[SourceDate "2023.10.16"]
[SourceVersion "1"]
[SourceVersionDate "2023.10.16"]
[SourceQuality "1"]
[WhiteTeam "Cebovce"]
[BlackTeam "Dubnica nad Vahom"]
[WhiteTeamCountry "SVK"]
[BlackTeamCountry "SVK"]

1. d4 d5 2. Nf3 Nf6 3. Bf4 e6 4. e3 Bd6 5. Ne5 0-0 6. Nd2 c5 7. c3 b6 8. Bd3 Ba6 9. Bxa6 Nxa6 10. 0-0 Qc7 11. Bg3 Nb8 12. Qe2 Nc6 1/2-1/2

[Event "Budapest Vezerkepzo IM-C 04"]
[Site "Budapest"]
[Date "2023.05.04"]
[Round "9"]
[White "Vedant, Nitin Vekhande"]
[Black "Halak, Miklos"]
[Result "0-1"]
[WhiteElo "2178"]
[BlackElo "2239"]
[PlyCount "98"]
[EventDate "2023.04.25"]
[EventType "tourn"]
[EventRounds "9"]
[EventCountry "HUN"]
[SourceTitle "CBM 214 Extra"]
[Source "ChessBase"]
[SourceDate "2023.07.31"]
[SourceVersion "1"]
[SourceVersionDate "2023.07.31"]
[SourceQuality "1"]

1. e4 c6 2. d4 d5 3. exd5 cxd5 4. Bd3 Nc6 5. c3 Nf6 6. Bf4 Bg4 7. Qb3 Qd7 8. Nd2 e6 9. Ngf3 Bd6 10. Bxd6 Qxd6 11. 0-0 0-0 12. Rae1 Ne7 13. Ne5 Bf5 14. Re3 Bxd3 15. Rxd3 b5 16. Rh3 Rab8 17. a3 a5 18. Qd1 b4 19. axb4 axb4 20. Qf3 bxc3 21. bxc3 Rb2 22. Rd1 Ra2 23. Qd3 Rfa8 24. Re3 Nf5 25. Ree1 Qa3 26. Rb1 Nd6 27. f3 Rc8 28. Rb3 Qa5 29. Reb1 g6 30. Nf1 Ra3 31. Qd2 Rxc3 32. Rb8+ Kg7 33. Qf4 Qc7 34. g4 Nd7 35. Nxd7 Qxd7 36. g5 Rxf3 37. Qe5+ f6 38. gxf6+ Rxf6 39. Rf8 Nf7 40. Qb8 Qa7 41. Rg8+ Kh6 42. Qf8+ Kh5 43. Qb4 Ng5 44. Ng3+ Kh6 45. Kh1 Ra4 46. Qe1 Qxd4 47. Rd1 Qf2 48. Qe5 Qf3+ 49. Kg1 Nh3# 0-1

[Event "Budapest Vezerkepzo IM-C 04"]
[Site "Budapest"]
[Date "2023.04.27"]
[Round "3"]
[White "Halak, Miklos"]
[Black "Pulpan, Jakub"]
[Result "0-1"]
[WhiteElo "2239"]
[BlackElo "2427"]
[PlyCount "140"]
[EventDate "2023.04.25"]
[EventType "tourn"]
[EventRounds "9"]
[EventCountry "HUN"]
[SourceTitle "CBM 214 Extra"]
[Source "ChessBase"]
[SourceDate "2023.07.31"]
[SourceVersion "1"]
[SourceVersionDate "2023.07.31"]
[SourceQuality "1"]

1. d4 Nf6 2. Nf3 e6 3. Bf4 c5 4. e3 cxd4 5. exd4 b6 6. Nbd2 Bb7 7. Bd3 Be7 8. h3 0-0 9. c3 d6 10. 0-0 Nbd7 11. Re1 a6 12. a4 Re8 13. Qc2 Nf8 14. Ne4 Ng6 15. Nxf6+ Bxf6 16. Be4 Bxe4 17. Qxe4 Nxf4 18. Qxf4 h6 19. Qg3 Qd7 20. Nd2 Be7 21. Nc4 Qc6 22. Ne3 d5 23. Ng4 Bd6 24. f4 Kh8 25. Qf3 Qd7 26. f5 exf5 27. Ne3 Re4 28. Qxf5 Qe8 29. Qf2 Qe6 30. Nf5 Bc7 31. Rxe4 dxe4 32. Rf1 Rf8 33. Qe2 g6 34. Ne3 Qd6 35. Ng4 f5 36. Ne5 Qe6 37. Qc4 Qxc4 38. Nxc4 Bg3 39. Rd1 b5 40. axb5 axb5 41. Ne3 Ra8 42. Nf1 Bd6 43. Kf2 Kg7 44. Ke3 Kf6 45. Nd2 Ra2 46. Rb1 Ke6 47. c4 bxc4 48. Nxc4 Bc7 49. Kd2 f4 50. Kc3 Ra8 51. Re1 Kd5 52. Nd2 e3 53. Nf3 Ba5+ 54. b4 Rc8+ 55. Kb3 Rb8 56. Kc2 Bxb4 57. Rb1 Rc8+ 58. Kd1 Bd6 59. Rb2 Ra8 60. Ke2 g5 61. Rc2 Ke4 62. Rb2 Ra5 63. Rb6 Ra2+ 64. Kf1 Kd5 65. Rb5+ Kc4 66. Rb6 Bb4 67. Ne5+ Kb3 68. Nd3 e2+ 69. Kg1 Kc4 70. Ne5+ Kd5 0-1

[Event "Budapest SixDays 03 IM"]
[Site "Budapest"]
[Date "2023.03.28"]
[Round "8"]
[White "Pham, Tran Gia Phuc"]
[Black "Halak, Miklos"]
[Result "1-0"]
[WhiteElo "2238"]
[BlackElo "2257"]
[PlyCount "53"]
[EventDate "2023.03.24"]
[EventType "tourn"]
[EventRounds "9"]
[EventCountry "HUN"]
[SourceTitle "CBM 213 Extra"]
[Source "ChessBase"]
[SourceDate "2023.05.31"]
[SourceVersion "1"]
[SourceVersionDate "2023.05.31"]
[SourceQuality "1"]

1. d4 d5 2. Nf3 e6 3. Bf4 Bd6 4. e3 Bxf4 5. exf4 Nf6 6. Nbd2 0-0 7. Bd3 b6 8. h4 Ba6 9. Bxa6 Nxa6 10. h5 c5 11. c3 cxd4 12. Nxd4 Qc7 13. g3 Nc5 14. N2f3 Rab8 15. h6 g6 16. Ne5 b5 17. Ndc6 Rb6 18. Qd4 Nce4 19. f3 Nxg3 20. Nd7 Qxd7 21. Qxf6 Nf5 22. Rh5 Re8 23. Rxf5 exf5+ 24. Kd1 Re1+ 25. Kc2 Re2+ 26. Kb3 Qxc6 27. Qg7# 1-0

[Event "Budapest SixDays 03 IM"]
[Site "Budapest"]
[Date "2023.03.26"]
[Round "4"]
[White "Halak, Miklos"]
[Black "Szeberenyi, Adam"]
[Result "1/2-1/2"]
[WhiteElo "2257"]
[BlackElo "2338"]
[PlyCount "41"]
[EventDate "2023.03.24"]
[EventType "tourn"]
[EventRounds "9"]
[EventCountry "HUN"]
[SourceTitle "CBM 213 Extra"]
[Source "ChessBase"]
[SourceDate "2023.05.31"]
[SourceVersion "1"]
[SourceVersionDate "2023.05.31"]
[SourceQuality "1"]

1. e4 e5 2. Nf3 Nc6 3. Bb5 a6 4. Ba4 Nf6 5. d3 b5 6. Bb3 Be7 7. 0-0 0-0 8. Re1 Re8 9. Nbd2 d6 10. h3 Na5 11. c3 c5 12. Bc2 Nc6 13. a4 b4 14. Nc4 Be6 15. Bb3 h6 16. Ne3 Rb8 17. Bc4 Qc8 18. Nd5 Bxd5 19. Bxd5 bxc3 20. bxc3 Nxd5 21. exd5 1/2-1/2

[Event "SVK-chT 2223"]
[Site "Slovakia"]
[Date "2023.01.22"]
[Round "6.2"]
[White "Halak, Miklos"]
[Black "Nagy, Gabor"]
[Result "0-1"]
[WhiteElo "2261"]
[BlackElo "2488"]
[PlyCount "80"]
[EventDate "2022.10.22"]
[EventType "team-tourn"]
[EventRounds "11"]
[EventCountry "SVK"]
[SourceTitle "EXT 2024"]
[Source "ChessBase"]
[SourceDate "2023.10.10"]
[SourceVersion "1"]
[SourceVersionDate "2023.10.10"]
[SourceQuality "1"]
[WhiteTeam "Cebovce"]
[BlackTeam "Modra"]
[WhiteTeamCountry "SVK"]
[BlackTeamCountry "SVK"]

1. d4 Nf6 2. Nc3 d5 3. Bf4 e6 4. Nb5 Bb4+ 5. c3 Ba5 6. e3 0-0 7. Nf3 c6 8. Na3 Bc7 9. Bg3 Nbd7 10. Be2 Re8 11. Nc2 e5 12. Nxe5 Nxe5 13. Bxe5 Bxe5 14. dxe5 Rxe5 15. 0-0 Bf5 16. Nd4 Be4 17. Nf3 Re7 18. c4 Qb6 19. cxd5 Bxd5 20. b3 Rae8 21. Nd4 Ne4 22. Bf3 Re5 23. Rc1 h6 24. Qc2 Qd8 25. Ne2 Nf6 26. Rfd1 Qe7 27. Bxd5 Nxd5 28. Nd4 a6 29. Nf3 Re4 30. Rd4 Rxd4 31. exd4 Nf4 32. Rd1 Qd6 33. Qc5 Qg6 34. g3 Re2 35. Rf1 Qe4 36. gxf4 Qxf3 37. Qf5 Re6 38. Rb1 Rg6+ 39. Kf1 Qg2+ 40. Ke2 Re6+ 0-1

[Event "SVK-chT 2223"]
[Site "Slovakia"]
[Date "2022.10.22"]
[Round "1.4"]
[White "Mikrut, Dariusz"]
[Black "Halak, Miklos"]
[Result "1/2-1/2"]
[WhiteElo "2316"]
[BlackElo "2261"]
[PlyCount "140"]
[EventDate "2022.10.22"]
[EventType "team-tourn"]
[EventRounds "11"]
[EventCountry "SVK"]
[SourceTitle "EXT 2024"]
[Source "ChessBase"]
[SourceDate "2023.10.10"]
[SourceVersion "1"]
[SourceVersionDate "2023.10.10"]
[SourceQuality "1"]
[WhiteTeam "Liptov Chess School"]
[BlackTeam "Cebovce"]
[WhiteTeamCountry "SVK"]
[BlackTeamCountry "SVK"]

1. d4 d5 2. c4 e6 3. Nf3 a6 4. g3 dxc4 5. Bg2 c5 6. 0-0 Nf6 7. dxc5 Qxd1 8. Rxd1 Bxc5 9. Ne5 0-0 10. Nc3 Nc6 11. Nxc6 bxc6 12. Na4 Be7 13. Nb6 Rb8 14. Nxc4 c5 15. b3 Nd5 16. Bb2 Bb7 17. e4 Nf6 18. f3 Bc6 19. Be5 Rbd8 20. Na5 Rxd1+ 21. Rxd1 Rc8 22. Bf1 Bb5 23. a4 Bxf1 24. Kxf1 Kf8 25. Ke2 Ke8 26. g4 g6 27. Bxf6 Bxf6 28. Rd6 Be5 29. Rxa6 Bxh2 30. Nc4 Rb8 31. e5 Rxb3 32. Ra7 Kf8 33. a5 Rc3 34. Nd6 Bxe5 35. Nxf7 Bf4 36. Nd8 Re3+ 37. Kf2 Ke8 38. a6 Kxd8 39. Rf7 Ra3 40. Rxf4 Ke7 41. g5 Rxa6 42. Rh4 Kd6 43. Rxh7 c4 44. Ke3 e5 45. Rg7 Kd5 46. Rd7+ Rd6 47. Re7 Rc6 48. Kd2 Ra6 49. Rf7 Ra2+ 50. Ke3 Rg2 51. Rd7+ Kc6 52. Rd8 Rxg5 53. Ke4 Kc5 54. Rc8+ Kb4 55. f4 exf4 56. Kd4 c3 57. Rc4+ Kb5 58. Rxc3 Rf5 59. Ke4 Rf8 60. Kf3 Kb4 61. Rc6 g5 62. Kg4 Rg8 63. Rc1 Kb5 64. Rc2 Kb6 65. Rc1 Kb7 66. Rc2 Rg6 67. Rc5 Rg8 68. Rc1 Kb8 69. Rc2 Rg7 70. Rc5 Rg6 1/2-1/2

[Event "Budapest Aranytiz IM"]
[Site "Budapest"]
[Date "2022.08.26"]
[Round "8"]
[White "Gombocz, Ferenc Jr"]
[Black "Halak, Miklos"]
[Result "1/2-1/2"]
[WhiteElo "2205"]
[BlackElo "2268"]
[PlyCount "135"]
[EventDate "2022.08.18"]
[EventType "tourn"]
[EventRounds "9"]
[EventCountry "HUN"]
[SourceTitle "CBM 209 Extra"]
[Source "ChessBase"]
[SourceDate "2022.09.30"]
[SourceVersion "1"]
[SourceVersionDate "2022.09.30"]
[SourceQuality "1"]

1. d4 Nf6 2. Bf4 d6 3. Nc3 c6 4. e4 Qa5 5. Qd2 e5 6. Be3 Be7 7. Bd3 Ng4 8. Nge2 Nxe3 9. Qxe3 0-0 10. 0-0 Nd7 11. a3 Nf6 12. h3 Re8 13. b4 Qc7 14. dxe5 dxe5 15. Na4 Nh5 16. Nb2 Nf4 17. Bc4 Bg5 18. Qf3 b5 19. Bb3 c5 20. Nxf4 exf4 21. bxc5 Bf6 22. Rab1 Bb7 23. Bd5 Bxd5 24. exd5 Qxc5 25. Nd3 Qxc2 26. Rxb5 Qa4 27. Rb4 Qxa3 28. d6 Rad8 29. Qd5 a5 30. Rb6 Re6 31. Re1 Rxe1+ 32. Nxe1 Qc1 33. Qe4 Qc5 34. Rc6 Qe5 35. Qxe5 Bxe5 36. d7 Bf6 37. Rc5 Kf8 38. Nf3 Rxd7 39. Rxa5 Rd1+ 40. Kh2 Rf1 41. Ra8+ Ke7 42. Ra2 g5 43. Re2+ Kf8 44. g3 fxg3+ 45. Kxg3 h5 46. Re1 Rxe1 47. Nxe1 Be5+ 48. Kg2 Ke7 49. Nd3 Kd6 50. Kf3 f5 51. Ke3 Bc3 52. f3 Kd5 53. Ke2 Kc4 54. Nf2 Bd4 55. Nd3 Kc3 56. Ne1 Bc5 57. Nd3 Kd4 58. Nf2 Bd6 59. Nd3 Bg3 60. Nc1 Bf4 61. Nd3 Bd6 62. Nf2 Kd5 63. Nd3 g4 64. fxg4 fxg4 65. hxg4 hxg4 66. Nf2 g3 67. Kf3 gxf2 68. Kxf2 1/2-1/2

[Event "Budapest Aranytiz IM"]
[Site "Budapest"]
[Date "2022.08.25"]
[Round "7"]
[White "Halak, Miklos"]
[Black "Zentai, Peter1111"]
[Result "0-1"]
[WhiteElo "2268"]
[BlackElo "2241"]
[PlyCount "66"]
[EventDate "2022.08.18"]
[EventType "tourn"]
[EventRounds "9"]
[EventCountry "HUN"]
[SourceTitle "CBM 209 Extra"]
[Source "ChessBase"]
[SourceDate "2022.09.30"]
[SourceVersion "1"]
[SourceVersionDate "2022.09.30"]
[SourceQuality "1"]

1. d4 d5 2. Nc3 Nf6 3. Bf4 a6 4. e3 b5 5. h4 e6 6. g4 c5 7. g5 Nfd7 8. Qf3 Nc6 9. 0-0-0 Bb7 10. Qg3 Rc8 11. Bg2 Na5 12. Nge2 cxd4 13. exd4 Nc4 14. Rd3 Qa5 15. Kb1 Qb4 16. Nd1 Bd6 17. Bxd6 Qxd6 18. Qxd6 Nxd6 19. Nf4 0-0 20. h5 Ne4 21. Bxe4 dxe4 22. Rg3 e3 23. Re1 exf2 24. Nxf2 Rc4 25. N2d3 Rxd4 26. g6 e5 27. gxf7+ Kxf7 28. Ne2 Re4 29. Nf2 Rh4 30. Rd1 Nf6 31. Rc3 Nd5 32. Rc5 Rh2 33. Rf1 Kg8 0-1

[Event "Titled Tuesday intern op 24th May Late"]
[Site "Chess.com INT"]
[Date "2022.05.24"]
[Round "7"]
[White "Halak, Miklos"]
[Black "Huber, Benedikt"]
[Result "1-0"]
[WhiteElo "2247"]
[BlackElo "2288"]
[PlyCount "63"]
[EventDate "2022.05.24"]
[EventType "swiss (blitz)"]
[EventRounds "11"]
[EventCountry "USA"]
[SourceTitle "EXT 2023"]
[Source "ChessBase"]
[SourceDate "2022.10.05"]
[SourceVersion "1"]
[SourceVersionDate "2022.10.05"]
[SourceQuality "1"]

1. e4 c5 2. Nf3 e6 3. c3 Nf6 4. e5 Nd5 5. d4 cxd4 6. cxd4 d6 7. Nc3 Nxc3 8. bxc3 Nc6 9. Bd3 dxe5 10. dxe5 Qa5 11. 0-0 Qxc3 12. Bf4 Be7 13. Rc1 Qb4 14. Bd2 Qa3 15. Rc3 Qxa2 16. Bb1 Qd5 17. Rd3 Qb5 18. Rb3 Qc4 19. Rc3 Qg4 20. h3 Qh5 21. Kh2 Nxe5 22. Nxe5 Qxe5+ 23. f4 Qf6 24. Rg3 Qd4 25. Rd3 Qb6 26. Rg3 Bf6 27. f5 0-0 28. Bh6 Kh8 29. Bxg7+ Bxg7 30. f6 Bh6 31. Qh5 Rg8 32. Qxh6 1-0

[Event "Titled Tuesday intern op 24th May Late"]
[Site "Chess.com INT"]
[Date "2022.05.24"]
[Round "10"]
[White "Halak, Miklos"]
[Black "Kosteniuk, Alexandra"]
[Result "0-1"]
[WhiteElo "2247"]
[BlackElo "2513"]
[PlyCount "154"]
[EventDate "2022.05.24"]
[EventType "swiss (blitz)"]
[EventRounds "11"]
[EventCountry "USA"]
[SourceTitle "EXT 2023"]
[Source "ChessBase"]
[SourceDate "2022.10.05"]
[SourceVersion "1"]
[SourceVersionDate "2022.10.05"]
[SourceQuality "1"]

1. e4 c6 2. d4 d5 3. Nd2 dxe4 4. Nxe4 Nf6 5. Nxf6+ exf6 6. c3 Bd6 7. Bd3 0-0 8. Qc2 Re8+ 9. Ne2 h5 10. 0-0 h4 11. Nf4 Qc7 12. g3 Nd7 13. Bh7+ Kf8 14. Bf5 Kg8 15. Bh7+ Kf8 16. Bf5 Nb6 17. Bxc8 Qxc8 18. Qh7 Qg4 19. Bd2 Bxf4 20. Bxf4 Ke7 21. f3 Qg6 22. Qxh4 Rh8 23. Rae1+ Kd7 24. Qg4+ Qxg4 25. fxg4 Nd5 26. c4 Ne7 27. Re2 Rh3 28. Rfe1 Ng6 29. Bd2 Rah8 30. b4 Rd8 31. Bc3 Rdh8 32. b5 cxb5 33. cxb5 Rc8 34. Re3 Rhh8 35. Rf1 Ne7 36. Rd3 Nd5 37. Bd2 Rhf8 38. Rf5 Ne7 39. Rf1 Nd5 40. Rf5 Ne7 41. Rf1 Rfe8 42. Ra3 Rc2 43. Bb4 Nc8 44. Rc3 Rxc3 45. Bxc3 Re3 46. Bb4 Re4 47. Rd1 Rxg4 48. Bc5 b6 49. Bb4 Re4 50. Kf2 f5 51. Kf3 g5 52. h3 Nd6 53. Bxd6 Kxd6 54. Rd3 Kd5 55. g4 Rf4+ 56. Kg3 fxg4 57. hxg4 Kc4 58. Rd2 Rxd4 59. Rf2 Rd3+ 60. Kg2 Kxb5 61. Rxf7 Rd2+ 62. Kg3 Rxa2 63. Rf5+ Kc4 64. Rxg5 b5 65. Rg7 b4 66. Rb7 b3 67. g5 Ra1 68. Kf4 a5 69. g6 Rg1 70. g7 a4 71. Rc7+ Kb4 72. Rb7+ Ka3 73. Kf3 b2 74. Kf2 Rxg7 75. Rxg7 b1Q 76. Rg3+ Qb3 77. Rxb3+ axb3 0-1

[Event "Titled Tuesday intern op 24th May Late"]
[Site "Chess.com INT"]
[Date "2022.05.24"]
[Round "4"]
[White "Halak, Miklos"]
[Black "Vovk, Orest"]
[Result "0-1"]
[WhiteElo "2247"]
[BlackElo "2315"]
[PlyCount "150"]
[EventDate "2022.05.24"]
[EventType "swiss (blitz)"]
[EventRounds "11"]
[EventCountry "USA"]
[SourceTitle "EXT 2023"]
[Source "ChessBase"]
[SourceDate "2022.10.05"]
[SourceVersion "1"]
[SourceVersionDate "2022.10.05"]
[SourceQuality "1"]

1. e4 g5 2. d4 g4 3. Qxg4 d5 4. Qh4 dxe4 5. Qxe4 Nf6 6. Qd3 Nc6 7. c3 Qd5 8. Qf3 Bg4 9. Qxd5 Nxd5 10. Be2 Bxe2 11. Nxe2 0-0-0 12. Nf4 e5 13. dxe5 Nxe5 14. 0-0 Nxf4 15. Bxf4 Nd3 16. Bc1 Bc5 17. Be3 Bxe3 18. fxe3 Rhe8 19. Rxf7 Rxe3 20. Na3 Nxb2 21. Nb5 c6 22. Rb1 Re2 23. Nd4 Rd2 24. Rxh7 Rg8 25. g3 Re8 26. Rf7 Re3 27. Rf2 Nc4 28. Rf8+ Kc7 29. Rf7+ Kd8 30. Rbxb7 Re1+ 31. Rf1 Rxf1+ 32. Kxf1 Rxa2 33. Nxc6+ Kc8 34. Rxa7 Rxh2 35. Kg1 Rc2 36. Na5 Ne3 37. Rg7 Rg2+ 38. Kh1 Ra2 39. Nc6 Rc2 40. Ne5 Rxc3 41. g4 Rc2 42. g5 Nf5 43. Rf7 Ng3+ 44. Kg1 Rc5 45. Nd3 Rxg5 46. Kf2 Ne4+ 47. Ke3 Nd6 48. Rf8+ Kc7 49. Rf4 Rg3+ 50. Kd4 Rh3 51. Nc5 Kc6 52. Ne4 Nb5+ 53. Ke5 Rh5+ 54. Rf5 Rh1 55. Rf6+ Kc7 56. Rf7+ Kb6 57. Rf6+ Ka5 58. Rf5 Kb4 59. Nd6 Re1+ 60. Ne4 Nc3 61. Rf4 Kc4 62. Kf5 Nd5 63. Rg4 Ne3+ 64. Kf4 Nxg4 65. Nd2+ Kd3 66. Nf3 Re4+ 67. Kg3 Ne5 68. Ng1 Rg4+ 69. Kf2 Rf4+ 70. Kg3 Rf8 71. Nh3 Ke3 72. Ng5 Rg8 73. Kh4 Nf3+ 74. Kh5 Rxg5+ 75. Kh6 Kf4 0-1

[Event "Titled Tuesday intern op 24th May Late"]
[Site "Chess.com INT"]
[Date "2022.05.24"]
[Round "11"]
[White "Levine, David M"]
[Black "Halak, Miklos"]
[Result "0-1"]
[WhiteElo "2068"]
[BlackElo "2247"]
[PlyCount "34"]
[EventDate "2022.05.24"]
[EventType "swiss (blitz)"]
[EventRounds "11"]
[EventCountry "USA"]
[SourceTitle "EXT 2023"]
[Source "ChessBase"]
[SourceDate "2022.10.05"]
[SourceVersion "1"]
[SourceVersionDate "2022.10.05"]
[SourceQuality "1"]

1. d4 Nf6 2. c4 c5 3. d5 e6 4. Nc3 exd5 5. cxd5 d6 6. Nf3 g6 7. e4 Bg7 8. Be2 0-0 9. 0-0 Na6 10. Bf4 Nc7 11. h3 a6 12. a4 Rb8 13. a5 b5 14. axb6 Rxb6 15. Qc2 Rb4 16. Nd2 Nfxd5 17. Nc4 Nxf4 0-1

[Event "Titled Tuesday intern op 24th May Late"]
[Site "Chess.com INT"]
[Date "2022.05.24"]
[Round "2"]
[White "Zamorano, Jorge Adrian"]
[Black "Halak, Miklos"]
[Result "1/2-1/2"]
[WhiteElo "2341"]
[BlackElo "2247"]
[PlyCount "138"]
[EventDate "2022.05.24"]
[EventType "swiss (blitz)"]
[EventRounds "11"]
[EventCountry "USA"]
[SourceTitle "EXT 2023"]
[Source "ChessBase"]
[SourceDate "2022.10.05"]
[SourceVersion "1"]
[SourceVersionDate "2022.10.05"]
[SourceQuality "1"]

1. e4 e5 2. Nf3 Nc6 3. Bb5 a6 4. Ba4 b5 5. Bb3 Na5 6. 0-0 d6 7. Re1 Bb7 8. c3 Nxb3 9. axb3 Be7 10. d4 Bf6 11. Nbd2 Ne7 12. Nf1 0-0 13. Ng3 g6 14. Bh6 Re8 15. Qd2 exd4 16. cxd4 c5 17. Qf4 Nc6 18. e5 dxe5 19. dxe5 Bg7 20. Nh5 Bh8 21. Bg5 Ne7 22. Nf6+ Bxf6 23. Bxf6 Nd5 24. Qh4 Nxf6 25. exf6 Bxf3 26. gxf3 Qb6 27. Re7 Rf8 28. Rae1 Rad8 29. Kg2 Rd5 30. R1e4 Rh5 31. Qf4 Rf5 32. Qc7 Qxf6 33. Re3 Qg5+ 34. Kf1 Qh5 35. Ke2 Rf6 36. Qd7 Rf5 37. Qd6 Qh6 38. Qxa6 Qg7 39. Qxb5 Qf6 40. Qc4 Rd8 41. Kf1 Rd1+ 42. Ke2 Rd4 43. Re8+ Kg7 44. Qc3 Qd6 45. R8e4 Rf6 46. Rd3 Rxd3 47. Qxd3 Qc6 48. Qc3 Kg8 49. Kf1 h6 50. b4 cxb4 51. Qxc6 Rxc6 52. Rxb4 Rc1+ 53. Kg2 Rc2 54. f4 Kg7 55. Kf3 Kf6 56. Rb6+ Kg7 57. h4 h5 58. f5 Rc4 59. fxg6 fxg6 60. Kg3 Rg4+ 61. Kh3 Rf4 62. Kg3 Rg4+ 63. Kh3 Rf4 64. b4 Rxf2 65. b5 Rb2 66. Rb7+ Kf6 67. Rb6+ Kg7 68. Rb7+ Kf6 69. Rb6+ Kg7 1/2-1/2

[Event "Budapest Rigochess10 IM"]
[Site "Budapest"]
[Date "2020.10.24"]
[Round "9"]
[White "Halak, Miklos"]
[Black "Terbe, Zsuzsanna"]
[Result "1/2-1/2"]
[WhiteElo "2287"]
[BlackElo "2198"]
[PlyCount "237"]
[EventDate "2020.10.16"]
[EventType "tourn"]
[EventRounds "9"]
[EventCountry "HUN"]
[EventCategory "1"]
[SourceTitle "EXT 2022"]
[Source "ChessBase"]
[SourceDate "2021.10.06"]
[SourceVersion "1"]
[SourceVersionDate "2021.10.06"]
[SourceQuality "1"]

1. e4 e5 2. Nf3 Nc6 3. d4 exd4 4. Nxd4 Nf6 5. Nc3 Bb4 6. Nxc6 bxc6 7. Bd3 d5 8. exd5 0-0 9. 0-0 cxd5 10. Bg5 c6 11. Qf3 Bd6 12. h3 Rb8 13. Rab1 Re8 14. Na4 Be6 15. b3 Be7 16. Bf4 Bd6 17. Bxd6 Qxd6 18. Qg3 Qxg3 19. fxg3 Nd7 20. b4 Rbc8 21. Rf4 c5 22. bxc5 Nxc5 23. Nxc5 Rxc5 24. Rb7 Ra5 25. Bb5 Rc8 26. a4 Rxc2 27. h4 f6 28. Re7 Bf7 29. Bd3 Rc1+ 30. Kh2 Kf8 31. Rb7 Be6 32. h5 h6 33. Bb5 Bc8 34. Rb8 Ke7 35. Be2 Rc7 36. Rd4 Be6 37. Bb5 Kd6 38. Rd8+ Ke7 39. Re8+ Kd6 40. Rd8+ Ke7 41. Re8+ Kf7 42. Rb8 f5 43. g4 fxg4 44. Kg3 a6 45. Ra8 Rxb5 46. axb5 axb5 47. Rf4+ Ke7 48. Rb8 Rc3+ 49. Kf2 Rc4 50. Ke3 Rc3+ 51. Kd4 Rc2 52. Rb7+ Bd7 53. Kxd5 Rxg2 54. Rd4 Ke8 55. Kd6 Bf5 56. Rxb5 Rf2 57. Rb7 g3 58. Ra4 Rd2+ 59. Ke5 Bd7 60. Ra3 g2 61. Rg3 Bc6 62. Rbxg7 Kd8 63. R3g6 Rd1 64. Rd6+ Rxd6 65. Kxd6 Be8 66. Rxg2 Bxh5 67. Rh2 Bd1 68. Rxh6 Ke8 69. Rh7 Bb3 70. Rb7 Bc4 71. Re7+ Kf8 72. Rc7 Bb3 73. Ke5 Kg8 74. Kf6 Kh8 75. Kg6 Bg8 76. Re7 Bc4 77. Rh7+ Kg8 78. Rd7 Kh8 79. Rd4 Bb3 80. Rd8+ Bg8 81. Kf6 Kh7 82. Rd2 Kh8 83. Kg6 Bc4 84. Rd4 Bb3 85. Rd8+ Bg8 86. Kf6 Kh7 87. Rd7+ Kh8 88. Rd1 Bh7 89. Rg1 Bd3 90. Kf7 Bh7 91. Rg7 Bd3 92. Rg8+ Kh7 93. Rc8 Bb1 94. Rb8 Bd3 95. Rb4 Kh8 96. Rb8+ Kh7 97. Kf6 Be4 98. Rc8 Bd3 99. Rc3 Bb1 100. Kg5 Ba2 101. Rh3+ Kg7 102. Ra3 Bg8 103. Ra7+ Kh8 104. Kg6 Bc4 105. Rh7+ Kg8 106. Rc7 Bd3+ 107. Kh6 Be4 108. Rc4 Bd3 109. Rd4 Bc2 110. Rf4 Bd3 111. Rf6 Bc2 112. Rc6 Be4 113. Rc7 Bd3 114. Kg5 Kh8 115. Kf6 Be4 116. Rg7 Bd3 117. Rg4 Bc2 118. Rh4+ Kg8 119. Rh2 1/2-1/2

[Event "SVK-chT1E 1920"]
[Site "Slovakia"]
[Date "2020.06.21"]
[Round "11.3"]
[White "Halak, Miklos"]
[Black "Tropp, Oliver"]
[Result "1-0"]
[WhiteElo "2283"]
[BlackElo "2077"]
[PlyCount "61"]
[EventDate "2019.10.12"]
[EventType "team-tourn"]
[EventRounds "11"]
[EventCountry "SVK"]
[SourceTitle "EXT 2022"]
[Source "ChessBase"]
[SourceDate "2021.10.06"]
[SourceVersion "1"]
[SourceVersionDate "2021.10.06"]
[SourceQuality "1"]
[WhiteTeam "Cebovce"]
[BlackTeam "Liptov Chess School II"]
[WhiteTeamCountry "SVK"]
[BlackTeamCountry "SVK"]

1. e4 e6 2. d4 d5 3. Nc3 Nf6 4. Bg5 Be7 5. e5 Ng8 6. h4 a6 7. Qg4 h5 8. Qg3 g6 9. Nf3 Nh6 10. Qf4 Nf5 11. 0-0-0 Nc6 12. Bxe7 Qxe7 13. Ng5 Ncxd4 14. Rxd4 Nxd4 15. Qxd4 b5 16. Rh3 c5 17. Qd2 b4 18. Nd1 0-0 19. Be2 Qc7 20. f4 f6 21. exf6 Rxf6 22. Rf3 Bb7 23. g3 Re8 24. Nf2 Qa5 25. Kb1 Kg7 26. g4 d4 27. Nge4 Bd5 28. b3 hxg4 29. Nxf6 Kxf6 30. Nxg4+ Ke7 31. Rg3 1-0

[Event "SVK-chT1E 1920"]
[Site "Slovakia"]
[Date "2020.01.25"]
[Round "7.4"]
[White "Halak, Miklos"]
[Black "Najgebauer, Szemjon"]
[Result "1-0"]
[WhiteElo "2285"]
[BlackElo "2158"]
[PlyCount "65"]
[EventDate "2019.10.12"]
[EventType "team-tourn"]
[EventRounds "11"]
[EventCountry "SVK"]
[SourceTitle "CBM 194 Extra"]
[Source "ChessBase"]
[SourceDate "2020.03.31"]
[SourceVersion "1"]
[SourceVersionDate "2020.03.31"]
[SourceQuality "1"]
[WhiteTeam "Cebovce"]
[BlackTeam "Kosice Slavia TU II"]
[WhiteTeamCountry "SVK"]
[BlackTeamCountry "SVK"]

1. e4 c5 2. Nf3 Nc6 3. Nc3 Nf6 4. Bb5 Qc7 5. 0-0 Nd4 6. Nxd4 cxd4 7. Ne2 Qc5 8. Bd3 g6 9. c3 dxc3 10. bxc3 Bg7 11. Bc2 0-0 12. d4 Qc7 13. e5 Nd5 14. c4 Nb4 15. Bb3 d6 16. exd6 Qxd6 17. Bf4 Qd8 18. Qd2 Nc6 19. Rad1 Bg4 20. f3 Bf5 21. d5 Na5 22. c5 Rc8 23. Rc1 Nxb3 24. axb3 Bd7 25. Rfd1 e5 26. Be3 Qc7 27. Nc3 f5 28. d6 Qb8 29. Nd5 Kh8 30. f4 Rce8 31. fxe5 Bxe5 32. Bd4 Kg8 33. Ne7+ 1-0

[Event "Titled Tuesday intern op 3rd Jan"]
[Site "Chess.com INT"]
[Date "2019.12.03"]
[Round "1"]
[White "Vakhidov, Daler"]
[Black "Halak, Miklos"]
[Result "0-1"]
[WhiteElo "2177"]
[BlackElo "2265"]
[PlyCount "44"]
[EventDate "2019.12.03"]
[EventType "swiss (blitz)"]
[EventRounds "10"]
[EventCountry "USA"]
[SourceTitle "EXT 2021"]
[Source "ChessBase"]
[SourceDate "2020.10.23"]
[SourceVersion "1"]
[SourceVersionDate "2020.10.23"]
[SourceQuality "1"]

1. c4 c5 2. g3 Nc6 3. Bg2 g6 4. Nc3 Bg7 5. Nf3 e5 6. 0-0 Nge7 7. d3 0-0 8. a3 d5 9. cxd5 Nxd5 10. Nxd5 Qxd5 11. Be3 Qd6 12. Rc1 b6 13. b4 cxb4 14. Rxc6 Qxc6 15. Nd2 Qb5 16. a4 Qa5 17. Bxa8 Bd7 18. Nc4 Qxa4 19. Qxa4 Bxa4 20. Bd5 Rd8 21. Ra1 b5 22. Bf3 e4 0-1